LEADER 01296nam a2200289 i 4500 001 000000216500 003 CaOOAMICUS 005 20121024000000.0 008 121024s2012 it u000 u ita u 013 $a195390 020 $a978-88-394-0841-9 040 $aSeMil$bita 100 1 $aKoester, Helmut <1926-2016>.$0(OLS)http://semarc/name/76598 240 10$aPaul and his world : interpreting the New Testament in its context.$0(OLS)http://semarc/title/311268 245 10$aPaolo e il suo mondo /$cHelmut Koester. 260 $aBrescia :$bPaideia,$c2012. 300 $a378 p. ;$c23 cm. 490 0 $aIntroduzione allo studio della Bibbia. Supplementi ;$v55 600 04$aPaolo .$0(OLS)http://semarc/subject/1316 650 4$aPaolo - Ambiente sociale.$0(OLS)http://semarc/subject/20765 830 0$aIntroduzione allo studio della Bibbia. Supplementi ;$v55.$0(OLS)http://semarc/title/5853 850 $aSeMil 852 $aSeMil$W1$xVenegono$y1$m2WA J 55$j251288$B166918$CSeMilBibl$Z2$F177747 $81 961 $aSottoscrizione: Paideia 996 $6020$a978-88-394-0841-9$9(OLS)http://semarc/number/213540 996 $6245$aPaolo e il suo mondo$9(OLS)http://semarc/title/311267 996 $6260$aBrescia :$bPaideia$9(OLS)http://semarc/publisher/29614 LEADER 01207nam a2200253 4500 001 000000342268 003 CaOOAMICUS 005 20201013093157.0 008 200925s2011 it 000 u ita r 020 $a978-88-514-0831-2 040 $aSeMil$bita 100 1 $aCazzulani, Guglielmo,$c.$0(OLS)http://semarc/name/46381 245 10$aSolo l'amore sa perdere :$blectio sul Vangelo di Marco /$cGuglielmo Cazzulani ; prefazione di Roberto Vignolo. 264 1$aMilano :$bÀncora,$c2011. 300 $a176 p. ;$c19 cm 650 4$aBibbia. Nuovo Testamento. Vangelo secondo Marco - Commentari, studi, critica, interpretazioni.$0(OLS)http://semarc/subject/143 700 1 $aVignolo, Roberto ,$d<1946- >.$0(OLS)http://semarc/name/6301 830 3$aLe àncore.$0(OLS)http://semarc/title/9339 850 $aSeMil 852 $aSeMil$W1$xVenegono$y1$m2V I 278$j268986$B233510$CSeMilBibl$Z2$F233510 $81 996 $6020$a978-88-514-0831-2$9(OLS)http://semarc/number/291329 996 $6245$aSolo l'amore sa perdere :$blectio sul Vangelo di Marco$9(OLS)http://semarc/title/431123 996 $6264$aMilano :$bÀncora$9(OLS)http://semarc/publisher/29763